LDR 00579naa#a2200169#i#450# 001 EN\\bibl\118251 005 20260426073226.7 011 ## _a2782-4586 100 ## _a20260331b2026####ek#y0engy0150####ca 102 ## _aRU 200 1# _aInnovative development of the region in order to achieve technological leadership _eJournal article 210 1# _aMoscow _cITBO University _d2026 215 ## _a10 с. 608 ## _aJournal article _2local 675 ## _aИнвестиции по источникам финансирования. 330.322.1 _z 700 #1 _aPirozhkov _gMaksim Dmitrievich 856 4# _ajomeam.ru _u